Greece reform of social welfare programmes

Guardado en:
Detalles Bibliográficos
Formato: Libro
Lenguaje:inglés
Publicado: Paris OECD 2013
Colección:OECD public governance reviews
Materias:
Etiquetas: Agregar Etiqueta
Sin Etiquetas, Sea el primero en etiquetar este registro!

MARC

LEADER 00000nam a2200000 4500
001 0181639
005 20240315120706.1
020 |a 978-92-64-19648-3 
022 |a 2219-0406 
041 0 |a eng 
044 |a FR 
245 1 0 |a Greece  |b reform of social welfare programmes 
264 1 |a Paris  |b OECD  |c 2013 
300 |a 190 s. 
490 1 |a OECD public governance reviews 
830 0 |a OECD public governance reviews 
610 2 0 |a politika sociálna 
610 2 0 |a dávky 
610 2 0 |a podpory v nezamestnanosti 
610 2 0 |a systémy sociálne 
610 2 0 |a programy sociálne 
610 2 0 |a reformy sociálne 
610 2 0 |a poistenie sociálne 
610 2 0 |a efektívnosť 
610 2 0 |a Grécko